| 000 | 01009nam a2200289 a 4500 | ||
|---|---|---|---|
| 001 | 000044076 | ||
| 003 | DO-SdBNP | ||
| 005 | 20250410092808.0 | ||
| 007 | ta | ||
| 008 | 140515s2014 dr 001 0 spa d | ||
| 020 | _a9789945472349 | ||
| 040 |
_aDO-SdBNP _bspa _cBNPHU |
||
| 082 | 4 |
_a331.34 _bG633r _222 |
|
| 100 | 1 |
_aGómez Mazara, Fabricio _972069 |
|
| 245 | 1 | 0 |
_aRelación entre juventud y empleo en la República Dominicana / _cFabricio Gómez Mazara. |
| 260 |
_aSanto Domingo : _bINTEC, _c2014. |
||
| 300 |
_a116 p. ; _c23 cm. |
||
| 500 | _aIncluye datos biográficos del autor en las solapas | ||
| 504 | _aIncluye referencias bibliográficas y notas al pie de las páginas. | ||
| 504 | _aBibliografía : p.95-100. | ||
| 590 | _aInventariado, 2018/VM | ||
| 650 | 4 |
_aTrabajo de jóvenes _zRepública Dominicana _972070 |
|
| 650 | 4 |
_aJuventud _zRepública Dominicana _972071 |
|
| 650 | 4 |
_aEmpleo _zRepública Dominicana _97877 |
|
| 910 | _aValidado. Control de calidad EMS | ||
| 942 |
_2ddc _cLBS1 |
||
| 999 |
_c43565 _d43565 |
||